Géographie et ethnographie en Grèce ancienne (notice n° 2197595)

détails MARC
000 -LEADER
fixed length control field 01630cam a2200133 4500500
005 - DATE AND TIME OF LATEST TRANSACTION
control field 20260405085434.0
041 ## - LANGUAGE CODE
Language code of text/sound track or separate title fre
042 ## - AUTHENTICATION CODE
Authentication code dc
100 10 - MAIN ENTRY--PERSONAL NAME
Personal name Jacob, Christian
Relator term author
245 00 - TITLE STATEMENT
Title Géographie et ethnographie en Grèce ancienne
260 ## - PUBLICATION, DISTRIBUTION, ETC.
Name of publisher, distributor, etc. Armand Colin,<br/>
Date of publication, distribution, etc. 2017.<br/>
520 ## - SUMMARY, ETC.
Summary, etc. L’histoire de la géographie et de l’ethnographie grecques occupe une place de choix dans le champ des études anciennes. Retracer l’histoire des premières cartes géographiques, d’Anaximandre à Claude Ptolémée, c’est suivre les métamorphoses d’un objet étonnant, qui, dès l’origine, revendique le pouvoir de représenter le monde habité dans sa totalité. Dérouler les étapes de la découverte de la terre et de ses peuples, à travers les œuvres d’Hérodote, de Thucydide et de Strabon, les périples d’Hannon ou d’Agatharchide, c’est voir se déployer tous les pans d’une civilisation, les liens de l’imaginaire et du savoir, une source de réflexions, d’informations qui nourrissent historiens, auteurs comiques, moralistes et philosophes. À travers ces textes se révèle la manière dont les Grecs se sont représenté le monde et les autres peuples, ont réfléchi sur l’identité et la valeur de leur propre humanité. Car dans la confrontation avec les Barbares, nous découvrons, en négatif, tous les traits qui fondent l’image normative de l’homme civilisé, pour les Grecs, c’est-à-dire les traits qui constituent leur propre culture.
856 41 - ELECTRONIC LOCATION AND ACCESS
Uniform Resource Identifier <a href="https://shs.cairn.info/geographie-et-ethnographie-en-grece-ancienne--9782200621391?lang=fr&redirect-ssocas=7080">https://shs.cairn.info/geographie-et-ethnographie-en-grece-ancienne--9782200621391?lang=fr&redirect-ssocas=7080</a>

Pas d'exemplaire disponible.

PLUDOC

PLUDOC est la plateforme unique et centralisée de gestion des bibliothèques physiques et numériques de Guinée administré par le CEDUST. Elle est la plus grande base de données de ressources documentaires pour les Étudiants, Enseignants chercheurs et Chercheurs de Guinée.

Adresse

627 919 101/664 919 101

25 boulevard du commerce
Kaloum, Conakry, Guinée

Réseaux sociaux

Powered by Netsen Group @ 2025